000 00381nam a2200145Ia 4500
008 230917s9999||||xx |||||||||||||| ||und||
040 _e123514
_aMAIN
041 _aEnglish
082 _a338.4791 T342I
100 _aTheobald, William
245 0 _aInternet resources for leisure and tourism
260 _aOxford
_bButterworth Heinemann
_c2001
300 _a236 p.
942 _cBK
999 _c147613
_d147613